[Event "MTV Ingolstadt 1-SV Roehrnbach 1"]
[Site "?"]
[Date "2024.11.10"]
[Round "3.8"]
[White "Muharemagic, Asim"]
[Black "Kallab, Kurt Josef"]
[Result "1/2-1/2"]
[WhiteElo "1946"]
[BlackElo "1874"]
[Annotator "Stockfish 17"]
[PlyCount "104"]
[EventDate "2024.??.??"]
[WhiteTeam "MTV Ingolstadt 1"]
[BlackTeam "SV Röhrnbach 1"]

{[%evp 14,104,-18,-20,-7,-39,-22,-27,-13,-66,-38,-84,-90,-95,-68,-189,-209,
-193,-211,-250,-267,-265,-273,-269,-263,-299,-290,-298,-281,-299,-285,-266,
-249,-394,-376,-390,-211,-241,-208,-296,-274,-274,-270,-285,-285,-244,-215,
-217,-212,-193,-63,-103,-15,-48,-54,-50,-29,-36,-12,-12,0,0,0,0,0,0,0,0,0,0,0,
0,0,0,0,-5,-8,-27,0,0,0,0,0,0,0,-18,-17,-20,-19,-23,-23,-23,-20]} 1. e4 e6 2.
Nf3 d5 3. e5 c5 4. b4 cxb4 5. a3 Nc6 6. axb4 Bxb4 7. c3 Ba5 (7... Be7 8. d4 {
ist durchaus bekannt} f6 9. Bd3 fxe5 10. Nxe5 Nf6 11. Bg5 Nxe5 12. dxe5 Ne4 13.
Bxe7 Qxe7 14. Bxe4 dxe4 15. Qd4 $15 {Buturin,V-Glek,I Belgorod GMA-qual 1989})
8. d4 Bd7 9. Ba3 Nge7 10. Bd3 h6 11. h4 a6 12. Ra2 b5 13. Rb2 Rb8 14. Kf1 $2 (
14. Bd6 $15) 14... b4 $19 15. cxb4 Bxb4 16. Rh3 Qa5 {mit - 2.80 steht Schwarz
viel besser} 17. Bxb4 Rxb4 18. Rxb4 Nxb4 19. Ne1 Nxd3 20. Nxd3 Bb5 21. Kg1 Nf5
22. Nc5 O-O 23. Ra3 (23. Nc3 $142) 23... Qb4 24. Nxa6 Qxd4 (24... Qb2 $142 25.
Nc5 Nxd4) 25. Qxd4 Nxd4 26. Nc7 (26. Nc5 $142) 26... Bc4 27. Nd2 Rc8 28. Ra8
Rxa8 29. Nxa8 Nb3 30. Nxb3 Bxb3 {[%mdl 4096] Endspiel KL-KS} 31. Nb6 Kf8 $2 (
31... Kh7 $19 {Weiss muss nun ...Kg6 beachten.} 32. Nc8 g5 33. hxg5 hxg5) 32.
Nc8 $2 Bc4 ({Besser ist} 32... d4 $17 {Und ...d3 würde nun gewinnen.} 33. Nd6
f6) 33. Nd6 Ba6 34. f4 f6 35. Kf2 Ke7 36. Ke3 g5 37. hxg5 hxg5 ({Auf keinen
Fall} 37... fxg5 38. f5 $17) 38. g3 fxe5 39. fxe5 Kf8 40. Kd4 Be2 41. Ke3 Bg4
42. Nb5 Kf7 43. Nd4 Kg6 44. Kf2 Kf7 45. Ke3 Ke7 46. Nc2 Kd7 47. Kd4 Kc6 48.
Nb4+ Kb5 49. Nxd5 exd5 50. Kxd5 Bh5 51. e6 g4 52. Ke5 Kc5 1/2-1/2

[Event "SK Starnberg 1-SK Landau-Dingolfing 1"]
[Site "?"]
[Date "2024.12.01"]
[Round "4.1"]
[White "Albrecht, Manuel"]
[Black "Steinmueller, Stephan"]
[Result "1/2-1/2"]
[WhiteElo "1923"]
[BlackElo "2112"]
[Annotator "Stockfish 17"]
[PlyCount "37"]
[EventDate "2024.??.??"]
[WhiteTeam "SK Landau-Dingolfing 1"]
[BlackTeam "SK Starnberg 1"]

{[%evp 0,37,19,38,40,41,51,44,34,29,35,29,46,20,26,20,29,22,25,-3,8,-4,13,14,4,
28,19,-12,-5,-18,6,-3,14,12,38,33,49,44,30,40]} 1. e4 c5 2. Nf3 e6 3. b3 Nc6 4.
Bb2 a6 5. c4 Qc7 (5... f6 6. Be2 Nh6 7. O-O e5 8. Nh4 Bd6 9. Bh5+ g6 10. Bxg6+
hxg6 11. Nxg6 Rg8 12. Qh5 Nf7 13. f4 exf4 14. Nc3 Be5 15. Rxf4 Bxf4 16. Nd5 {
Akopian,V-Khenkin,I Tilburg 1994}) 6. g3 Nf6 7. e5 Ng4 8. Qe2 Be7 9. Bh3 f5 10.
O-O b6 11. Bg2 Bb7 12. Na3 O-O 13. Rfe1 $6 $17 Nh6 14. d3 g5 15. Nd2 Nf7 16.
Nc2 Kh8 (16... Nh8 $15) 17. Qh5 $14 Ncd8 $6 18. Ne3 Kg8 19. f4 (19. Nd5 $1 exd5
20. cxd5 d6 21. exd6 Nxd6 22. Qh6 $18 {lohnte das Weiterspielen}) 1/2-1/2

[Event "SK Starnberg 1-SK Landau-Dingolfing 1"]
[Site "?"]
[Date "2024.12.01"]
[Round "4.2"]
[White "Gschwendtner, Klaus"]
[Black "Popp, Michael"]
[Result "1/2-1/2"]
[WhiteElo "2031"]
[BlackElo "1973"]
[Annotator "Stockfish 17"]
[PlyCount "107"]
[EventDate "2024.??.??"]
[WhiteTeam "SK Starnberg 1"]
[BlackTeam "SK Landau-Dingolfing 1"]

{[%evp 15,107,15,17,-11,1,-21,-10,-15,14,13,25,-16,22,-23,-16,-14,-17,-22,-22,
-31,5,-1,14,16,75,25,83,51,48,33,32,26,76,14,144,10,52,0,68,71,82,77,90,78,64,
51,58,51,46,48,71,71,50,47,58,2,6,1,4,0,0,0,25,20,24,23,40,30,26,30,30,9,66,69,
74,79,92,78,101,69,85,16,84,-24,-22,-25,-26,-27,-30,-30,-30,-31,0,0]} 1. Nf3
Nf6 2. b3 g6 3. Bb2 Bg7 4. c4 O-O 5. g3 c5 6. Bg2 Nc6 7. O-O d6 8. d3 Bd7 9.
Nbd2 a6 10. a3 Rb8 11. d4 Ne8 {[%cal Rc5d4]} 12. e3 b5 13. cxb5 Rxb5 14. Ra2
cxd4 15. Nxd4 Nxd4 16. Bxd4 Bxd4 17. exd4 e6 18. Nc4 d5 19. Ne5 Nf6 20. b4 Kg7
21. Qd2 a5 22. Rc1 axb4 23. axb4 Qb8 24. Rb2 Qb7 $6 (24... Rb7 $11 {bleibt in
der Remisbreite.}) 25. f3 (25. g4 $16) 25... Rc8 26. Rc5 Be8 (26... Rb8 $11)
27. Bf1 $14 Rb6 28. Qc3 Rb8 {[%cal Rb6b4]} 29. Rc7 Qa8 30. b5 R8b7 31. Rxb7
Qxb7 32. Qc5 Nd7 33. Nxd7 Bxd7 34. f4 Be8 35. g4 Qb8 36. Kg2 h6 37. g5 h5 38.
Kf3 Kg8 39. Ke3 Kg7 40. Bd3 Kg8 41. Be2 Kg7 42. Ra2 Rb7 {[%cal Re8b5]} 43. Ra5
Kg8 44. Qa3 {[#] Und weiter mit Ta8 wäre nett.} Qc7 ({Jedoch nicht} 44... Bxb5
$2 45. Ra8 $18) 45. Ra8 Rb8 46. Rxb8 Qxb8 47. Qc5 Qa8 48. Qe7 (48. b6 $16)
48... Qc8 (48... Bxb5 $11 49. Bxb5 Qa1) 49. Bd3 (49. Qc5 $16 Qb7 50. Bd3) 49...
Qc1+ 50. Ke2 {[#]} Bxb5 51. Qd8+ Kg7 52. Qf6+ Kg8 53. Qd8+ Kg7 {( -> ...Dc2+)}
54. Qf6+ 1/2-1/2

[Event "SK Starnberg 1-SK Landau-Dingolfing 1"]
[Site "?"]
[Date "2024.12.01"]
[Round "4.3"]
[White "Schultes, Christoph"]
[Black "Szalewa, Sven"]
[Result "1/2-1/2"]
[WhiteElo "1980"]
[BlackElo "2061"]
[Annotator "Stockfish 17"]
[PlyCount "77"]
[EventDate "2024.??.??"]
[WhiteTeam "SK Landau-Dingolfing 1"]
[BlackTeam "SK Starnberg 1"]

{[%evp 9,77,5,9,-12,1,-27,15,16,18,4,6,6,19,13,12,10,64,53,66,-25,80,-15,73,31,
158,162,168,96,136,94,89,68,98,93,92,87,104,85,91,68,63,0,0,0,0,-6,-6,-12,-8,
-10,-6,-9,-11,-47,-45,-57,-7,-2,-3,-5,-3,-5,-8,-15,-7,-6,0,-6,-8,-11]} 1. d4 d5
2. Nf3 Nf6 3. e3 c6 4. c4 a6 5. cxd5 cxd5 6. Bd3 Nc6 7. Nbd2 e6 8. O-O Be7 9.
b3 b5 10. Bb2 Nb4 11. Bb1 Bb7 12. Ne5 Rc8 13. a3 Nc6 14. f4 g6 15. Qf3 Nd7 16.
Qh3 Nf8 $2 (16... O-O $14) 17. Qh6 $16 {[#] Dg7 ist eine echte Drohung.} Rg8
18. Ndf3 (18. Nd3 $18) (18. b4 Rc7 19. Nd3 Nb8 20. Nc5 $16) 18... f6 19. Nxc6
Bxc6 20. Bd3 Bd6 21. Rac1 Bb7 22. Rxc8 Qxc8 23. Rc1 Qd7 24. Qh4 Qe7 25. b4 Nd7
$11 26. Nd2 f5 27. Qxe7+ Kxe7 28. Nb3 Nb6 29. Nc5 Rb8 30. Kf2 Nc4 31. Bxc4 dxc4
32. Bc3 Bxc5 33. dxc5 $15 {[%mdl 4096] Endspiel KTL-KTL. Die Stellung ist
ausgeglichen.} Rd8 34. Bd4 Be4 35. Ra1 Ra8 36. Bc3 Kd7 37. a4 Bd5 38. axb5 axb5
39. Rxa8 1/2-1/2

[Event "SK Starnberg 1-SK Landau-Dingolfing 1"]
[Site "?"]
[Date "2024.12.01"]
[Round "4.4"]
[White "Ponater, Michael"]
[Black "Hirtreiter, Alexander"]
[Result "1/2-1/2"]
[WhiteElo "2034"]
[BlackElo "1912"]
[Annotator "Stockfish 17"]
[PlyCount "93"]
[EventDate "2024.??.??"]
[WhiteTeam "SK Starnberg 1"]
[BlackTeam "SK Landau-Dingolfing 1"]

{[%evp 9,93,5,52,57,77,64,80,67,91,90,100,55,60,39,43,45,45,22,32,16,25,22,29,
4,5,3,7,0,1,-3,16,-6,-5,-10,6,6,8,6,7,7,8,7,13,7,7,6,6,6,10,6,8,5,16,11,9,9,12,
5,8,4,3,0,0,0,0,0,0,0,0,0,0,0,0,0,0,0,0,0,0,0,0,0,0,0,0,0]} 1. e4 e5 2. Bc4 Nc6
3. Nc3 d6 4. d3 Be6 5. Be3 Bxc4 6. dxc4 Nf6 7. Nge2 Be7 8. Ng3 Qd7 9. Nd5 O-O
10. h3 (10. Nf5 $142 Kh8 11. Qd3) 10... Bd8 11. O-O Nxd5 12. cxd5 Ne7 13. c4 f5
{[#] ...f4 ist eine echte Drohung.} 14. exf5 Nxf5 15. Qg4 Qf7 16. Nxf5 Qxf5 17.
Qxf5 Rxf5 $11 18. g4 Rf7 19. Kg2 Be7 20. f4 (20. b4 {mit weiteren
Verwicklungen.} a5 21. Rfb1 axb4 22. Rxb4 b6 23. a4) 20... exf4 21. Rxf4 Rxf4
22. Bxf4 $11 {[%mdl 4096] Endspiel KTL-KTL} Rf8 23. Rf1 Bf6 24. Be3 b6 25. b3
Bc3 26. Rxf8+ Kxf8 {KL-KL} 27. Kf3 Kf7 28. Bg5 Bf6 29. Bd2 g6 30. Ke4 Be7 31.
b4 Ke8 32. Kd3 Kd7 33. b5 Bf6 34. Ke4 Bg7 35. h4 Bf6 36. h5 Ke8 37. hxg6 hxg6
38. a4 {[%cal Ba2a4,Ba4a5][%mdl 32]} Kf7 39. a5 Bd8 40. a6 Kf6 41. Bf4 Kf7 42.
Bg3 Ke8 43. Kf4 Bf6 44. Bf2 Bd8 45. Bd4 Kf7 46. Ke4 Be7 47. Be3 1/2-1/2

[Event "SK Starnberg 1-SK Landau-Dingolfing 1"]
[Site "?"]
[Date "2024.12.01"]
[Round "4.5"]
[White "Theiss, Johann"]
[Black "Flemming, Achim"]
[Result "1/2-1/2"]
[WhiteElo "1911"]
[BlackElo "2015"]
[Annotator "Stockfish 17"]
[PlyCount "111"]
[EventDate "2024.??.??"]
[WhiteTeam "SK Landau-Dingolfing 1"]
[BlackTeam "SK Starnberg 1"]

{[%evp 17,111,69,135,46,52,51,49,50,82,12,13,-14,-12,-39,-22,-43,-22,-39,-6,
-11,-7,-34,15,-14,-15,-21,10,2,0,-38,-27,-34,2,-182,-178,-173,-165,-172,-179,
-180,-105,-366,-355,-358,-344,-344,-162,-218,-119,-127,-136,-140,-127,-223,
-227,-214,-230,-221,-213,-242,-233,-287,-286,-548,-544,-543,-532,-511,-308,
-302,-291,-352,-362,-356,-325,-317,-306,-504,-66,-64,-54,-110,-53,-59,0,0,0,0,
0,0,0,0,0,0,0,0]} 1. Nf3 e6 2. g3 b6 3. Bg2 Bb7 4. O-O Nf6 5. d4 Be7 6. c4 O-O
7. Nc3 d5 8. Ne5 c6 9. e4 Nbd7 $2 {[#]} (9... dxc4 $14 10. Nxc4 Ba6 11. b3 $14)
10. Nxd7 ({Weiß kann viel besser spielen} 10. Nxc6 $1 $16 {[%mdl 512]} Bxc6
11. exd5 exd5 12. cxd5 Bb7 13. d6 Bxg2 14. dxe7 Qxe7 15. Kxg2 $16) 10... Qxd7
$14 11. e5 Ne8 12. cxd5 cxd5 13. f4 $6 {der falsche Weg} (13. h4 $16) 13... g6
$11 14. Be3 Ng7 15. Bh3 Rac8 16. Rc1 b5 17. Ne2 Rxc1 18. Nxc1 b4 19. Rf2 Ba6
20. Rc2 Rc8 21. Bf2 Bc4 22. b3 Bb5 23. Be1 a5 24. Bg4 Bd8 25. Kf2 $2 {[#]} (25.
Rxc8 $11 {und Weiss ist OK.} Qxc8 26. Be2 Bxe2 27. Nxe2) 25... Bb6 $1 $19 {
nimmt den Bauern d4 aufs Korn} 26. Rxc8+ Qxc8 27. Ke3 h5 28. Bh3 Qc7 (28... g5
$19 {Weiss muss nun ...g4 beachten.} 29. fxg5 Qc7) 29. Qd2 $2 {[%mdl 8192] [#]}
(29. Nd3 $17) 29... Bxd4+ $1 {[%mdl 512]} 30. Qxd4 {Und Kd2 würde nun
gewinnen.} Qxc1+ {[%mdl 64] Doppelangriff} 31. Qd2 Qb1 (31... Qa1 $142 32. Kf2
Qb1 $19 {mit großen Problemen}) 32. Kd4 Ba6 (32... Qe4+ $19 33. Kc5 Be8) 33.
Kc5 $17 Bd3 34. Kb6 Bc2 35. Kxa5 $2 (35. Bf1 $17) 35... Qxa2+ $19 36. Kb6 Qxb3
37. Qxb4 Qe3+ 38. Kb7 Be4 (38... Qe2 $1) 39. Qd2 Qc5 40. Qb4 (40. Bg2 {kämpft
weiter.}) 40... d4+ 41. Ka6 Bd3+ 42. Kb7 Qd5+ (42... Be4+ $142 43. Ka6 Qc8+ 44.
Ka5 Qa8+ 45. Kb5 Qc6+ 46. Ka5 Bd3) 43. Kb6 Be4 {...Dc6+ ist eine echte Drohung.
} 44. Qc5 {und wenn Dxd5 ginge, stände Weiss gut.} Qb7+ 45. Ka5 d3 46. Qd4 Kh7
47. Bc3 $2 (47. Bd2 {war einen Versuch wert.}) 47... Nf5 $2 ({Lieber} 47... Ne8
$19 48. Bf1 Nc7 49. Bxd3 Bxd3 50. Qxd3 Qb3) 48. Bxf5 $15 gxf5 49. Bb4 Kg6 {
Und weiter mit ...Da8+ wäre nett.} (49... Qa8+ $2 50. Kb6 $19) (49... Bc6 {
ist vielschichtiger.} 50. Qc5 Qc7+ 51. Qb6 Qd7 52. Bd2 Qd5+) 50. Qd8 {Weiss
will mit Dg8+ Matt setzen.} Qd5+ (50... Kh7 {mit weiteren Verwicklungen.} 51.
Bd2 Bd5 52. Qb6 Qc8 53. Qa7 Qf8) 51. Qxd5 {Die Stellung ist ausgeglichen.} Bxd5
52. h4 f6 53. Bd2 fxe5 54. fxe5 f4 55. Bxf4 Kf5 56. Kb4 1/2-1/2

[Event "SK Starnberg 1-SK Landau-Dingolfing 1"]
[Site "?"]
[Date "2024.12.01"]
[Round "4.6"]
[White "Litzka, Matthias"]
[Black "Fuchsgruber, Helmut"]
[Result "1/2-1/2"]
[WhiteElo "2008"]
[BlackElo "1804"]
[Annotator "Stockfish 17"]
[PlyCount "71"]
[EventDate "2024.??.??"]
[WhiteTeam "SK Starnberg 1"]
[BlackTeam "SK Landau-Dingolfing 1"]

{[%evp 10,71,46,50,101,92,103,100,103,95,91,109,143,149,126,146,139,116,126,71,
103,31,48,32,44,40,71,60,161,147,193,187,195,130,128,-4,-26,-51,77,102,173,139,
131,112,143,138,144,110,518,525,562,545,553,131,125,0,2,3,6,0,4,0,0,0]} 1. c4
Nf6 2. Nc3 d5 3. cxd5 Nxd5 4. g3 (4. e4 Nxc3 5. bxc3 e5 6. Nf3 {auch damit war
zu rechnen}) 4... e5 5. Bg2 Be6 6. Nf3 Nd7 7. d4 $1 exd4 8. Nxd4 Nxc3 9. bxc3
Nc5 10. O-O Bd5 11. e4 $1 $16 Bc4 12. Re1 Qd7 13. Be3 O-O-O 14. Qd2 ({
energischer war} 14. h4 g6 15. Rb1) 14... g6 15. Bg5 ({Besser ist} 15. Rab1 $16
) 15... Be7 $14 16. Bxe7 Qxe7 17. Qe3 Rhe8 18. Nb3 Bxb3 $2 (18... b6 $14) 19.
axb3 $18 Rd3 20. Qe2 {+ 2.14} Red8 21. Rxa7 $16 (21. b4 $1 $18 {[%cal Rb4c5]})
21... Kb8 $16 22. Raa1 $11 ({Lieber} 22. Ra3 $16) 22... Nxb3 $11 23. Rab1 {[#]}
({Nur nicht} 23. Qa2 $2 Nxa1 24. Qxa1 Qc5 $19) 23... Rd2 $1 24. Qe3 R8d3 25.
Qf4 g5 26. Qf5 Rxc3 27. e5 c6 28. Qxh7 {e6! ist eine echte Drohung.} Nd4 $2 {
[%mdl 8192]} (28... Rxf2 $16 29. e6 (29. Kxf2 Qc5+ 30. Kf1 Nd2+ {[%mdl 64]
Doppelangriff} 31. Ke2 Qe3+ 32. Kd1 Qd4 $19) 29... Qc5) 29. e6 $18 Nf3+ (29...
Nxe6 30. Qh8+ Rd8 31. Qxc3 $18) 30. Bxf3 Rxf3 31. exf7 $2 (31. Qg8+ $18 Rd8 32.
exf7 {gewinnt immer noch}) 31... Qxf7 $16 {[#]} 32. Qh8+ (32. Re8+ $3 $16 {
[%mdl 512]} Ka7 33. Rxb7+ $1 Kxb7 34. Re7+ Qxe7 35. Qxe7+ Kc8 36. Qe4 {[%mdl
64] Doppelangriff}) 32... Kc7 $1 $11 {Die Stellung ist ausgeglichen.} 33. Qe5+
(33. Qa8 $2 Rxg3+ $3 {[%mdl 512]} 34. fxg3 Qf2+ 35. Kh1 Qxh2#) 33... Kc8 34.
Qh8+ Kc7 $1 {( -> ...Txg3+!)} 35. Qe5+ (35. Qa8 $2 {[#] führt zum Matt.} Rxg3+
$3 {[%mdl 512]} 36. fxg3 Qf2+ {[%mdl 64] Doppelangriff} 37. Kh1 Qxh2#) 35...
Kc8 36. Qh8+ 1/2-1/2

[Event "SK Starnberg 1-SK Landau-Dingolfing 1"]
[Site "?"]
[Date "2024.12.01"]
[Round "4.7"]
[White "Zinner, Bernhard"]
[Black "Wehr, Stephan"]
[Result "0-1"]
[WhiteElo "1770"]
[BlackElo "1996"]
[Annotator "Stockfish 17"]
[PlyCount "86"]
[EventDate "2024.??.??"]
[WhiteTeam "SK Landau-Dingolfing 1"]
[BlackTeam "SK Starnberg 1"]

{[%evp 11,85,-11,13,-35,-37,-36,-34,-38,-31,-55,-52,-46,-45,-45,-35,-77,-81,
-81,-86,-163,-123,-149,-164,-159,-139,-167,-144,-203,-107,-195,-107,-241,-252,
-324,-283,-282,-258,-280,-209,-521,-552,-529,-492,-498,-508,-500,-491,-557,
-582,-592,-585,-588,-571,-544,-552,-557,-518,-567,-508,-769,-510,-513,-504,
-501,-502,-496,-495,-537,-548,-687,-658,-921,-906,-29998,-29999,-29999]} 1. d4
Nf6 2. c4 e6 3. Nf3 b6 4. Bf4 Bb7 5. e3 Bb4+ 6. Nc3 O-O 7. Be2 Ne4 8. Qb3 Bxc3+
9. bxc3 $15 Nc6 10. Bd3 Na5 11. Qc2 f5 12. O-O d6 13. Rfd1 g5 14. Bg3 Qf6 15.
Ne1 $6 (15. c5 $17) 15... Rae8 (15... h5 $1 $17) 16. f3 Nxg3 17. hxg3 h5 18.
Rab1 c5 19. Bf1 Ba6 ({Lieber} 19... Re7 $19 20. Qf2 Ba6) 20. Qa4 $6 (20. dxc5
$17 dxc5 21. f4) 20... Rd8 (20... Bb7 $19 21. Qc2 e5) 21. Nc2 $2 (21. dxc5 $17
dxc5 22. Nd3) 21... g4 $19 22. Kf2 gxf3 23. gxf3 h4 {Droht ...hxg3+ und aus.}
24. Bd3 hxg3+ 25. Kxg3 $2 (25. Kg2 {nur so!}) 25... Qg5+ (25... f4+ $1) 26. Kf2
Qh4+ 27. Ke2 Qh2+ 28. Ke1 Kf7 {Und weiter mit ...Tg8 wäre nett.} 29. Be2 Rg8 {
Und ...Tg1+ würde nun gewinnen.} 30. Na3 Rg2 31. Rb2 Qg1+ 32. Kd2 {[#]} Rxe2+
$1 {[%mdl 512]} 33. Kxe2 Qg2+ 34. Kd3 Qxb2 35. Rd2 (35. Rh1 $142) 35... Qa1 36.
Rh2 Qf1+ 37. Kd2 Nxc4+ 38. Nxc4 Qxc4 39. Qc2 Rg8 {Droht stark ...Tg1.} 40. e4
cxd4 41. exf5 dxc3+ 42. Ke3 Qc5+ {[%mdl 64] [#] Doppelangriff} 43. Kf4 Qe5# 0-1

[Event "SK Starnberg 1-SK Landau-Dingolfing 1"]
[Site "?"]
[Date "2024.12.01"]
[Round "4.8"]
[White "Absmaier, Friedrich"]
[Black "Senff, Rudolf"]
[Result "1-0"]
[WhiteElo "1979"]
[BlackElo "1708"]
[Annotator "Stockfish 17"]
[PlyCount "59"]
[EventDate "2024.??.??"]
[WhiteTeam "SK Starnberg 1"]
[BlackTeam "SK Landau-Dingolfing 1"]

{[%evp 12,59,104,102,109,102,104,102,96,87,99,52,139,-56,73,25,126,84,173,169,
159,147,150,126,223,231,245,230,171,99,240,210,224,217,380,355,448,493,500,503,
715,659,666,654,698,630,854,852,29996,29997]} 1. e4 d6 2. d4 g6 3. Nc3 Bg7 4.
Be3 Nf6 5. Qd2 Ng4 6. Bg5 h6 7. Bh4 O-O 8. O-O-O c6 9. f3 Nf6 10. g4 Nfd7 11.
Kb1 a5 (11... c5 $14) 12. a4 $2 (12. Bf2 $16) 12... Na6 (12... b5 $1 $15 {
behält die Oberhand.}) 13. f4 Nc7 (13... b5 $11 {bleibt in der Remisbreite.})
14. Nf3 Rb8 {zu langsam [#]} (14... b5 $16) 15. e5 $1 $18 {[%cal Re5d6] Droht
exd6 und aus.} d5 16. f5 b5 17. axb5 Nxb5 (17... cxb5 $16 18. Bd3 b4) 18. Bxb5
cxb5 19. Nxd5 g5 20. Nxg5 $1 (20. Bxg5 $18 hxg5 21. Qxg5) 20... hxg5 (20... Bb7
$16) 21. Bxg5 ({Weniger gut wäre} 21. Qxg5 f6 $14) 21... f6 {[#]} 22. Bh6 Bb7
$2 (22... Nb6) 23. Bxg7 {Dh6 ist eine echte Drohung.} Kxg7 24. Nf4 Nc5 25. Rhe1
(25. Nh5+ Kg8 26. Qh6 Rf7 27. Qg6+ $18) 25... fxe5 26. Rxe5 Qd6 27. Rxc5 {
Droht stark Se6+.} Kf7 28. Ne6 Rg8 29. Qh6 Bf3 30. Qh5+ 1-0

[Event "SC Groebenzell 2-MTV Ingolstadt 1"]
[Site "?"]
[Date "2024.12.01"]
[Round "4.1"]
[White "Lechermann, Markus"]
[Black "Walter, Tobias"]
[Result "1/2-1/2"]
[WhiteElo "2093"]
[BlackElo "2081"]
[Annotator "Stockfish 17"]
[PlyCount "104"]
[EventDate "2024.??.??"]
[WhiteTeam "MTV Ingolstadt 1"]
[BlackTeam "SC Gröbenzell 2"]

{[%evp 14,104,35,38,49,46,48,45,140,133,137,135,138,146,131,122,113,111,107,35,
44,26,22,-75,-78,-135,-130,-135,-131,-111,-74,-81,-108,-238,-194,-213,-208,
-268,-276,-292,-240,-275,-263,-253,-239,-287,-285,-271,-231,-229,-208,-220,
-212,-218,-211,-221,-205,-244,-212,-208,-208,-233,-165,-247,-243,-224,-153,
-160,-85,-84,-89,-177,-15,-73,-23,-27,-20,-21,-19,-18,-21,-197,-23,-38,-3,-203,
-28,-203,-24,-29,-30,-41,-45]} 1. d4 d5 2. Bf4 Nf6 3. e3 e6 4. Nd2 Bd6 5. Bg3
c5 6. c3 Nc6 7. Ngf3 cxd4 8. exd4 Qc7 9. Bd3 O-O 10. Qe2 Bxg3 $6 11. hxg3 $16
h6 12. Ne5 Nxe5 13. dxe5 Nd7 14. Nf3 f6 15. exf6 Rxf6 16. g4 $6 (16. Bc2 $16)
16... Qf4 $14 17. g5 hxg5 18. Bh7+ $6 (18. Rh5 $11) 18... Kf7 $1 $17 19. Rh5 $6
g6 20. Nxg5+ Ke7 21. g3 Qe5 (21... Qxf2+ 22. Qxf2 Rxf2 23. Bxg6 Rg2 {kam sehr
in Frage}) 22. Qxe5 Nxe5 23. Rh6 $2 (23. Rh4 $17) 23... Nf7 (23... Ng4 $1 24.
Rh4 Nxf2 $19 {war sehr stark}) 24. Nxf7 Kxf7 25. Ke2 e5 26. f3 e4 27. fxe4 Bg4+
28. Ke3 Re8 29. e5 Rxe5+ $19 30. Kd4 Re4+ 31. Kxd5 Bf3 {( -> ...Ta4+)} 32.
Bxg6+ Rxg6 33. Rxg6 Kxg6 $19 {[%mdl 4096] Endspiel KTL-KT} 34. Kc5 Re5+ 35. Kd4
Re2 36. b4 Kf5 37. a4 Kg4 38. a5 (38. c4 {war einen Versuch wert.}) 38... Re4+
39. Kd3 Kxg3 $17 40. Rg1+ Kf2 ({Günstiger ist} 40... Kf4 $1 {Droht stark ...
Le2+.} 41. Rg7 Be2+ 42. Kc2 Ba6) 41. Rg7 $17 Rf4 42. Kd2 (42. Rc7 $17 {kämpft
weiter.}) 42... Rf6 $2 (42... a6 $1 $19 {Weiss muss nun ...Lc6 beachten.} 43.
Kd3 Be4+ 44. Kd4 Bc6+ 45. Kd3 Rf3+ 46. Kd2 Bd5) 43. c4 $11 Rd6+ 44. Kc3 Ke3 45.
Re7+ Be4 46. b5 $1 a6 47. Rc7 (47. Re5 $11) 47... Kf4 (47... axb5 $1 $19 {
...Td1 ist eine echte Drohung.} 48. cxb5 Rd1) 48. Re7 Ke3 49. Rc7 {[#]} (49.
Re8 $11 {und Weiss ist OK.}) 49... Rd8 (49... axb5 $1 $19 {Und weiter mit ...
Td1 wäre nett.} 50. cxb5 Rd1) 50. Re7 {[#]} (50. bxa6 $11 {und Weiss muss
sich keine Sorgen machen.} bxa6 51. Re7) 50... Rc8 (50... axb5 $1 $19 {Droht ..
.Tc8 und aus.} 51. cxb5 Rd3+ 52. Kc4 Rd6) 51. bxa6 bxa6 {Und ...Tc5 würde nun
gewinnen.} 52. Re6 Rc6 1/2-1/2

[Event "SC Groebenzell 2-MTV Ingolstadt 1"]
[Site "?"]
[Date "2024.12.01"]
[Round "4.2"]
[White "Tunka, Philipp"]
[Black "Glawe, Ralf"]
[Result "0-1"]
[WhiteElo "2056"]
[BlackElo "2003"]
[Annotator "Stockfish 17"]
[PlyCount "46"]
[EventDate "2024.??.??"]
[WhiteTeam "SC Gröbenzell 2"]
[BlackTeam "MTV Ingolstadt 1"]

{[%evp 11,46,8,6,-60,-64,-136,-139,-162,-155,-220,-232,-223,-231,-246,-245,
-471,-477,-471,-464,-483,-463,-512,-485,-767,-766,-790,-651,-781,-765,-742,
-705,-29992,-29993,-29993,-29994,-29998,-29999]} 1. d4 Nf6 2. c4 e6 3. Nc3 Bb4
4. Qc2 O-O 5. a3 Bxc3+ 6. Qxc3 d5 (6... b6 7. Bg5 Bb7 8. f3 h6 9. Bh4 {kommt
oft vor}) 7. f3 $6 {verlangsamt den Aufbau} (7. Nf3 $11) 7... c5 $15 8. cxd5 $6
cxd4 $1 $17 9. Qxd4 {[#]Schwarz steht deutlich besser.} Nc6 $1 $17 {[%mdl 512]}
10. Qd1 (10. Qh4 $17 Qxd5 11. e4) 10... exd5 $19 {Schwarz spielt das in der
Folge sehr konsequent} 11. e3 {[#]} d4 $1 12. Ne2 {[%cal Re2d4]} Re8 13. e4 $2
Nxe4 $1 14. fxe4 Rxe4 15. Qd3 Bf5 16. Qf3 Qd7 {...d3 ist eine echte Drohung.}
17. Kd2 (17. Bf4 $142 Rae8 18. Bg3) 17... Ne5 18. Qb3 Re3 19. Qb4 a5 20. Qc5
Rc8 {[%cal Ba8c8,Bc8c2,Bc2b2][%mdl 32]} 21. Qa7 Rc2+ {Schwarz setzt Matt.} 22.
Kd1 {[#]} Qa4 $1 23. Nxd4 (23. Qxd4 Rxc1+) 23... Rxb2+ {[%mdl 64]
Abzugsangriff.} 0-1